LEADER 01150nam a2200265 a 4500 001 000000121555 003 CaOOAMICUS 005 20100505132816.0 008 100505s1982 it u000 u ita r 040 $aPUL$bita$dMCT 245 00$aFederigo Enriques :$bapprossimazione e verità /$cLombardo Radice, ... [et al.] ; a cura di Ornella Pompeo Faracovi. 260 $aLivorno :$bBelforte,$c1982. 300 $a272 p. ;$c21 cm 490 1 $aDimensionilibri ;$v1 500 $aInclude indice. 504 $aBibliografia in nota. 600 14$aEnriques, Federigo,$d1871-1946.$0(OLS)http://pul/subject/36797 700 1 $aPompeo Faracovi, Ornella.$0(OLS)http://pul/name/21217 700 1 $aLombardo Radice, Lucio,$d1916-1983.$0(OLS)http://pul/name/30968 830 0$aDimensionilibri ;$v1.$0(OLS)http://pul/title/36198 850 $aPUL 852 $aPUL$W1$xDP1 Filosofia 1$y19$m590 E 10$j139511$qStampati$B138716$CPULBib$Z2$F138716 $H50361 $82 941 1 $a8 996 $6245$aFederigo Enriques :$bapprossimazione e verità$9(OLS)http://pul/title/152933 996 $6260$aLivorno :$bBelforte$9(OLS)http://pul/publisher/53728 LEADER 01337nam a2200313 a 4500 001 000000151944 003 CaOOAMICUS 005 20160520134057.0 008 160520s2016 it u000 u ita r 020 $a978-88-430-7922-3* 032 $aLibriCat 040 $aPUL$bita 082 14$a261.52 100 1 $aViganò, Dario Edoardo,$csacerdote,$d1962-$0(OLS)http://pul/name/38000 245 10$aFratelli e sorelle, buonasera :$bPapa Francesco e la comunicazione /$cDario Edoardo Viganò. 260 $aRoma :$bCarocci,$c©2016. 300 $a175 p. ;$c18 cm. 490 1 $aSfere extra 600 04$aFranciscus PP.,$d1936-2025$xMagistero.$0(OLS)http://pul/subject/40487 610 24$aChiesa cattolica e comunicazione.$0(OLS)http://pul/subject/22457 830 0$aSfere extra (Carocci).$0(OLS)http://pul/title/191265 850 $aPUL 852 $aPUL$W1$xSL Religione 3$y85$m261. 52 VIGDA 3$j174620$qDDC 21$B177175$CPULBib$Z2$F177175 $H127767 $81 941 1 $a9 996 $6020$a978-88-430-7922-3*$9(OLS)http://pul/number/160419 996 $6082$a261.52$9(OLS)http://pul/classification/2022 996 $6245$aFratelli e sorelle, buonasera :$bPapa Francesco e la comunicazione$9(OLS)http://pul/title/191264 996 $6260$aRoma :$bCarocci$9(OLS)http://pul/publisher/66917